Historia de la cerámica de Alcora (Record no. 60422)

MARC details
000 -LEADER
campo de control de longitud fija 00858nam a2200205 i 4500
001 - NÚMERO DE CONTROL
campo de control 60422
003 - IDENTIFICADOR DE NÚMERO DE CONTROL
campo de control ES-MaACL
005 - FECHA Y HORA DE LA ÚLTIMA TRANSACCIÓN
campo de control 20251014063123.0
007 - CAMPO FIJO DE DESCRIPCIÓN FÍSICA--INFORMACIÓN GENERAL
campo de control de longitud fija t|
008 - DATOS DE LONGITUD FIJA--INFORMACIÓN GENERAL
campo de control de longitud fija 031104s1919 sp ||||1| spa d
100 1# - ENTRADA PRINCIPAL--NOMBRE DE PERSONA
Nombre de persona Escrivá de Romaní y de la Quintana, Manuel,
Títulos y otros términos asociados al nombre Conde de Casal,
Fechas asociadas al nombre 1871-1954
9 (RLIN) 47664
245 10 - MENCIÓN DEL TÍTULO
Título Historia de la cerámica de Alcora
Resto del título : estudio crítico de la fábrica : recetas originales a sus mas afamados artífices antiguos reglamentos de la misma /
Mención de responsabilidad, etc. por Manuel Escrivá de Romani de la Quintana.
260 ## - PUBLICACIÓN, DISTRIBUCIÓN, ETC.
Lugar de publicación, distribución, etc. Madrid :
Nombre del editor, distribuidor, etc. Fortanet,
Fecha de publicación, distribución, etc. 1919.
300 ## - DESCRIPCIÓN FÍSICA
Extensión 564 p., 4 lám. ;
Dimensiones 27 cm.
500 ## - NOTA GENERAL
Nota general Grab. y facsim. intercal.
610 24 - PUNTO DE ACCESO ADICIONAL DE MATERIA--NOMBRE DE ENTIDAD CORPORATIVA
Nombre de entidad corporativa o nombre de jurisdicción como elemento de entrada Real Fábrica de Loza y Porcelana del Conde de Aranda-
Subdivisión de forma Historia.
9 (RLIN) 161571
650 #4 - PUNTO DE ACCESO ADICIONAL DE MATERIA--TÉRMINO DE MATERIA
Término de materia o nombre geográfico como elemento de entrada Cerámica de Alcora-
Subdivisión de forma Historia.
9 (RLIN) 161572
852 ## - LOCALIZACIÓN
Ubicación ES-MaACL
Número de control de estantería F-921
Holdings
Estatus retirado Estado de pérdida Estado de daño No para préstamo Biblioteca de origen Biblioteca actual Ubicación en estantería Fecha de adquisición Fuente de adquisición Total de préstamos Signatura topográfica completa Código de barras Visto por última vez Precio de reemplazo Tipo de ítem Koha
        Biblioteca del Ateneo de Madrid Biblioteca del Ateneo de Madrid Depósito 2 17/01/2008     F-921 1063372 23/02/2023 23/02/2023 Libro impreso